| 000 | 01321nam a22002657a 4500 | ||
|---|---|---|---|
| 003 | BD-DhUL | ||
| 005 | 20220302155555.0 | ||
| 008 | 160904s1981 bg |||| |||| 000 0 ben | ||
| 020 | _a984074724X | ||
| 020 | _a984075694X | ||
| 040 |
_aBD-DhUL _cBD-DhUL |
||
| 082 | 0 |
_a953 _bALA |
|
| 100 | 1 | 0 | _aআলী, সৈয়দ আমীর। |
| 245 | 1 | 0 |
_aআরব জাতির ইতিহাস [হিস্ট্রি অফ সারাসিনস্] / _cসৈয়দ আমীর আলী ; শেখ রেয়াজুদ্দীন আহম্মদ, অনূদিত ; মফীজুল্লাহ্ কবীর, সম্পাদিত। |
| 250 | _a২য় সং. | ||
| 260 |
_aঢাকা : _bবাংলা একাডেমী, _c১৯৮১ (২০১৮ মদ্রণ)। |
||
| 300 |
_a[৮], ৪৫৬ পৃ . ; _c২৩ সেমি. |
||
| 365 |
_aBDT _b450.00 |
||
| 504 | _aগ্রন্থপঞ্জিগত তথ্য সংবলিত। | ||
| 651 | 4 |
_aআরব জাতি _vইতিহাস। |
|
| 651 | 4 |
_aArabian Peninsula _vHistory. |
|
| 700 | 1 | 0 |
_aআহম্মদ, শেখ রেয়াজুদ্দীন। _eঅনু. |
| 700 | 1 | 0 |
_aকবীর, মফীজুল্লাহ্। _eসম্পা. |
| 942 |
_2ddc _cBK |
||
| 999 |
_c104057 _d104057 |
||